000 00327nam a22001337a 4500
008 170929b xxu||||| |||| 00| 0 eng d
020 _a9780312444730
041 _aeng
080 _a37
100 _a47
101 _aEDU
245 _aSECOND LANGUAGE WRITING IN THE COMPOSITION CLASSROOM
_cCOX.M
942 _2udc
_cBK
999 _c30591
_d30591